| 000 | 00873cam a2200265 a 4500 | ||
|---|---|---|---|
| 001 | 4960743 | ||
| 003 | GBCCL | ||
| 005 | 20241126110356.0 | ||
| 008 | 970319s1997 cau b 000 0 eng | ||
| 010 | _a 97003212 | ||
| 020 | _a0830718753 (hardcover) | ||
| 020 | _a0830719210 (trade paper) | ||
| 040 |
_aDLC _cDLC _dDLC |
||
| 050 | 0 | 0 |
_aBV772.5 _b.B36 1997 |
| 082 | 0 | 0 |
_a254.8 _221 _bBAR |
| 100 | 1 |
_aBarna, George. _91012 |
|
| 245 | 1 | 0 |
_aHow to increase giving in your church / _cGeorge Barna. |
| 260 |
_aVentura, Calif. : _bRegal Books, _cc1997. |
||
| 300 |
_a184 p. ; _c24 cm. |
||
| 504 | _aIncludes bibliographical references (p. [181]). | ||
| 650 | 0 |
_aChurch fund raising. _92310 |
|
| 906 |
_a7 _bcbc _corignew _d1 _eocip _f19 _gy-gencatlg |
||
| 942 |
_2ddc _cBK _02 |
||
| 999 |
_c1229 _d1229 |
||